• 首页
  • 本馆介绍
  • 公告通知
  • 最新文献
  • 馆藏检索
  • 电子资源
  • 读者导购
  • 参考咨询
  • 我的图书馆
  • 登录
  • 详细信息显示
  • 放入我的书架
  • 预约/预借图书
  • 作者相关作品
  • 分类相关作品
  • 丛书相关作品
  • 出版社相关作品

书目信息

  • 表格格式
  • 工作单格式
  • 卡片格式
题名:
考研政治考点强化突破
    
 
作者: 刘源泉 主编
分册:  
出版信息: 武汉   崇文书局  2018
页数: 423页
开本: 30cm
丛书名: “考研政治高分突破”系列丛书
单 册:
中图分类: D0
科图分类:
主题词: 政治理论--研究生--入学考试--自学参考资料
电子资源:
ISBN: 978-7-5403-4197-8
000 01071oam2 2200253 45
001 012001012107
005 20140103171043.0
010    @a978-7-5403-4197-8@dCNY66.00
100    @a20181129d2016 em y0chiy50 ea
101 0  @achi
102    @aCN@b420000
105    @ay z 000yy
106    @ar
200 1  @a考研政治考点强化突破@9kao yan zheng zhi kao dian qiang hua tu po@f刘源泉主编
210    @a武汉@c崇文书局@d2018
215    @a423页@d30cm@e附《考研政治核心考点必背》1册 (78页 ; 21cm)
225 1  @a“考研政治高分突破”系列丛书@v2
330    @a本书主要包括考研政治考点强化(马原、毛中特、史纲、思修、当代)、每节练习题(选择题,含真题)、强化阶段复习攻略三大板块,每部分每章节包含清晰的逻辑图;用不同字体和颜色,标明重要概念、原理和热点;每章节后均设置经典选择题(含重点真题);附赠“强化阶段复习攻略”和相关视频增值服务。
461  0 @12001 @a“考研政治高分突破”系列丛书
606 0  @a政治理论@x研究生@x入学考试@j自学参考资料
690    @aD0@v5
701  0 @a刘源泉@9liu yuan quan@4主编
801  0 @aCN@b上海新华@c20191020
905    @b1139437-40@dD0@e362@f4
    
    考研政治考点强化突破/刘源泉主编.-武汉:崇文书局,2018
    423页;30cm+附《考研政治核心考点必背》1册 (78页 ; 21cm).-(“考研政治高分突破”系列丛书;2)
    
    
    ISBN 978-7-5403-4197-8:CNY66.00
    本书主要包括考研政治考点强化(马原、毛中特、史纲、思修、当代)、每节练习题(选择题,含真题)、强化阶段复习攻略三大板块,每部分每章节包含清晰的逻辑图;用不同字体和颜色,标明重要概念、原理和热点;每章节后均设置经典选择题(含重点真题);附赠“强化阶段复习攻略”和相关视频增值服务。
●
相关链接 在E读中查询图书 在五车中查询图书 在当当中查询图书 在豆瓣中查询图书


正题名:考研政治考点强化突破     索取号:D0/362         预约/预借

序号 登录号 条形码 馆藏地/架位号 状态 备注
1 1139437   211394374   第一样本阅览室/ [索取号:D0/362] 在馆    
2 1139438   211394383   第一借阅区/ [索取号:D0/362] 在馆    
3 1139439   211394392   第一借阅区/ [索取号:D0/362] 在馆    
4 1139440   211394409   第一借阅区/ [索取号:D0/362] 在馆    
唐山师范学院图书馆 欢迎您!
大连网信软件有限公司© 版权所有